000 00928cam a22002535a 4500
001 L157976
008 130918s2013 xxk f 000 0 eng d
020 _a9781118501375
035 _a(Sirsi) u157976
041 0 _aeng
100 1 _aDieter, Christian
245 0 0 _aIFRS essentials
_h[electronic resource]
260 _aChichester
_bJohn Wiley & Sons Inc
_c2013
300 _aebook
520 _aExplains the essential of International Financial Reporting Standards (IFRS). Provides a detailed explanation of their use along with the International Accounting Standards (IAS). Also gives worked examples.
650 2 4 _aEBOOK
651 4 _aUnited Kingdom
_y
690 _aFinancial and taxation
690 _aInvestments
_96250
690 _aValuation
_96273
700 1 _aLuedenback, Norbert
856 4 0 _uhttps://www.vlebooks.com/
_zView on VLEbooks. Logins for members only from [email protected]
942 _n0
999 _c115048
_d115048